Statistics for US States by GDP

Click here to take the quiz!

General Stats

  • This quiz has been taken 195 times
  • The average score is 31 of 50

Answer Stats

Rank Region GDP % Answer % Correct
1West3,018,33714.5California
99%
3Northeast1,701,3998.2New York
98%
2South1,818,5858.7Texas
98%
4South1,059,1445.1Florida
97%
5Midwest879,9474.2Illinois
91%
6Northeast803,3073.8Pennsylvania
88%
7Midwest689,1393.3Ohio
85%
9South601,5032.9Georgia
82%
10West576,6242.8Washington
80%
8Northeast634,7213.0New Jersey
79%
11Northeast575,6352.8Massachusetts
78%
12South575,6052.8North Carolina
75%
14Midwest537,0782.6Michigan
72%
13South544,3482.6Virginia
68%
16West376,9941.8Colorado
66%
20West355,3111.7Arizona
63%
50Northeast34,1540.2Vermont
63%
19Midwest371,6291.8Indiana
62%
49West39,8990.2Wyoming
59%
17Midwest374,9201.8Minnesota
59%
25West243,0851.2Oregon
59%
23Northeast279,6531.3Connecticut
57%
15South417,7762.0Maryland
57%
48West49,6350.2Montana
56%
21Midwest342,4701.6Wisconsin
56%
27South224,6541.1Alabama
56%
22Midwest323,2871.5Missouri
55%
28South211,6211.0Kentucky
55%
45Midwest55,6570.3North Dakota
55%
44Northeast61,3410.3Rhode Island
54%
43Northeast65,3490.3Maine
54%
41West78,6400.4Idaho
53%
24South255,4921.2Louisiana
53%
31West180,8620.9Utah
52%
47Midwest52,5440.3South Dakota
52%
46West54,8510.3Alaska
52%
39Northeast86,0460.4New Hampshire
52%
18South373,6631.8Tennessee
52%
30Midwest192,6080.9Iowa
51%
38West93,4190.4Hawaii
51%
26South234,3671.1South Carolina
50%
36South115,7490.6Mississippi
50%
33West168,7520.8Nevada
50%
35Midwest124,7420.6Nebraska
49%
29South203,2501.0Oklahoma
49%
34South129,8120.6Arkansas
49%
37West101,4520.5New Mexico
48%
32Midwest169,5580.8Kansas
48%
40South79,1680.4West Virginia
47%
42South76,5370.4Delaware
40%

Score Distribution

Percentile by Number Answered

Percent of People with Each Score

Your Score History

You have not taken this quiz